[Event "FB1 2122 Hamburger SK - OSG Baden-Baden"]
[Site "Hamburg"]
[Date "2022.03.19"]
[Round "5.4"]
[White "Baciu, Diana"]
[Black "Paehtz, Elisabeth"]
[Result "1/2-1/2"]
[WhiteElo "2289"]
[BlackElo "2507"]
[PlyCount "52"]
[EventDate "2021.11.27"]
[EventType "team-tourn"]
[EventRounds "11"]
[EventCountry "GER"]

1. e4 c5 2. Nf3 Nc6 3. Bb5 g6 4. Bxc6 dxc6 5. d3 Bg7 6. h3 Nf6 7. Nc3 Nd7 8.
Be3 e5 9. Qd2 h6 10. O-O b6 11. Nh2 Nf8 12. f4 exf4 13. Rxf4 Be6 14. Raf1 g5
15. R4f2 Qc7 16. Ng4 O-O-O 17. Nf6 Nd7 18. Nh5 Be5 19. g4 f6 20. Ne2 Bf7 21. c3
Bxh5 22. gxh5 Nf8 23. d4 Ne6 24. Qd3 Kb8 25. Qc4 Bf4 26. Nxf4 gxf4 1/2-1/2

[Event "FB1 2122 TuRa Harksheide - SF Deizisau"]
[Site "Hamburg"]
[Date "2022.03.19"]
[Round "5.1"]
[White "Klek, Hanna Marie"]
[Black "Antolak, Julia"]
[Result "1/2-1/2"]
[WhiteElo "2314"]
[BlackElo "2368"]
[PlyCount "120"]
[EventDate "2021.11.27"]
[EventType "team-tourn"]
[EventRounds "11"]
[EventCountry "GER"]

1. e4 c6 2. d4 d5 3. e5 c5 4. dxc5 e6 5. Nf3 Bxc5 6. Bd3 Ne7 7. O-O Ng6 8. a3
Qc7 9. b4 Bb6 10. Bb2 a5 11. Nc3 O-O 12. Nb5 Qe7 13. Nd6 Bc7 14. c4 dxc4 15.
Nxc4 Rd8 16. Qb3 a4 17. Qc2 b5 18. Ncd2 Bb7 19. Bxb5 Nf4 20. Rad1 Nxg2 21. Ne4
Nf4 22. Rxd8+ Bxd8 23. Bc1 Ng6 24. Qe2 Nd7 25. Bg5 f6 26. exf6 gxf6 27. Rd1
Ngf8 28. Bh6 Bd5 29. Ng3 Qf7 30. Bc4 Nb6 31. Bxd5 Nxd5 32. Nd4 Nc3 33. Qf3 Nxd1
34. Qxa8 Be7 35. Qxa4 Nc3 36. Qc6 Nd5 37. Bxf8 Bxf8 38. Qxe6 Qxe6 39. Nxe6 Bh6
40. b5 Nb6 41. Nd4 Bf8 42. Nc2 Kf7 43. Kf1 Ke6 44. Ke2 Kd5 45. Kd3 Nc4 46. Ne3+
Nxe3 47. fxe3 Bxa3 48. Ne4 f5 49. Nf6+ Kc5 50. Nxh7 Kxb5 51. Ng5 Kc6 52. h4 Be7
53. Nf3 Kd5 54. h5 Bf8 55. Nh4 Ke6 56. Ng6 Bh6 57. Kd4 Bg7+ 58. Kc4 Bh6 59. Kd3
Bg5 60. Ke2 Bh6 1/2-1/2

[Event "FB1 2122 TuRa Harksheide - SF Deizisau"]
[Site "Hamburg"]
[Date "2022.03.19"]
[Round "5.2"]
[White "Radikovic, Anamarija"]
[Black "Schleining, Zoya"]
[Result "1/2-1/2"]
[WhiteElo "2121"]
[BlackElo "2320"]
[PlyCount "67"]
[EventDate "2021.11.27"]
[EventType "team-tourn"]
[EventRounds "11"]
[EventCountry "GER"]

1. e4 e5 2. Nf3 Nc6 3. Nc3 Nf6 4. d4 exd4 5. Nxd4 Bb4 6. Nxc6 bxc6 7. Bd3 O-O
8. O-O Re8 9. Qf3 Rb8 10. h3 Bd6 11. Rb1 Qe7 12. Bf4 Bxf4 13. Qxf4 d6 14. b3
Nd7 15. Qd2 Nc5 16. f4 Nxd3 17. cxd3 f5 18. Rbe1 Qh4 19. d4 fxe4 20. Nxe4 Ba6
21. Rf3 Re7 22. Rfe3 Rbe8 23. Nf2 Kf8 24. Ng4 h5 25. Rxe7 Rxe7 26. Rxe7 Qxe7
27. Nh2 Qe4 28. Nf3 Bd3 29. Kf2 a5 30. Qe3 Qxe3+ 31. Kxe3 Bf1 32. Kf2 Bd3 33.
Ke3 Bf1 34. Kf2 1/2-1/2

[Event "FB1 2122 TuRa Harksheide - SF Deizisau"]
[Site "Hamburg"]
[Date "2022.03.19"]
[Round "5.3"]
[White "Rapport, Jovana"]
[Black "Gosciniak, Maria"]
[Result "1-0"]
[WhiteElo "2299"]
[BlackElo "2100"]
[PlyCount "93"]
[EventDate "2021.11.27"]
[EventType "team-tourn"]
[EventRounds "11"]
[EventCountry "GER"]

1. d4 e6 2. e4 d5 3. exd5 exd5 4. Nf3 Nf6 5. Bd3 Bd6 6. Qe2+ Qe7 7. Qxe7+ Kxe7
8. O-O Re8 9. Nc3 c6 10. Bg5 Be6 11. Ne5 h6 12. Bxf6+ gxf6 13. Nf3 f5 14. Nh4
Kf6 15. f4 a6 16. Ne2 c5 17. Ng3 cxd4 18. Nh5+ Ke7 19. Ng7 Rh8 20. Ngxf5+ Bxf5
21. Nxf5+ Kd7 22. Nxd4 Bc5 23. Bf5+ Kd6 24. Rad1 Nc6 25. c3 Rae8 26. Kf2 Bb6
27. g4 Re7 28. Rfe1 Rxe1 29. Kxe1 Nxd4 30. cxd4 Re8+ 31. Kf2 Bd8 32. Kf3 Bf6
33. h4 Bxh4 34. Rh1 Be1 35. Rxh6+ Kc7 36. Rh7 Re7 37. Bg6 Bd2 38. Rxf7 Kd6 39.
g5 Bc1 40. Rf6+ Re6 41. Rxe6+ Kxe6 42. b3 Bb2 43. f5+ Kd6 44. Kf4 Bxd4 45. f6
Ke6 46. Bf5+ Kf7 47. Bd7 1-0

[Event "FB1 2122 TuRa Harksheide - SF Deizisau"]
[Site "Hamburg"]
[Date "2022.03.19"]
[Round "5.6"]
[White "Koehler, Inken"]
[Black "Valkova, Anzhelika"]
[Result "1-0"]
[WhiteElo "1988"]
[BlackElo "2048"]
[PlyCount "137"]
[EventDate "2021.11.27"]
[EventType "team-tourn"]
[EventRounds "11"]
[EventCountry "GER"]

1. c4 e6 2. e4 d5 3. exd5 exd5 4. d4 Bb4+ 5. Nc3 Nf6 6. Bd3 O-O 7. Nge2 dxc4 8.
Bxc4 c6 9. Bg5 Nbd7 10. O-O Nb6 11. Bb3 Be7 12. Re1 Nbd5 13. Ng3 Be6 14. Nxd5
Bxd5 15. Nf5 Bb4 16. Re3 Kh8 17. Bxd5 Qxd5 18. Qd3 Ng8 19. Rh3 Qe6 20. Nxg7 Qg6
21. Qxg6 fxg6 22. Ne6 Rf7 23. Bf4 Be7 24. Be5+ Bf6 25. Rf3 Re8 26. Ng5 Rff8 27.
Re1 h6 28. Nf7+ Kh7 29. Nd6 Re7 30. Ree3 Rd7 31. Bxf6 Rxf6 32. Rxf6 Nxf6 33.
Ne4 Nxe4 34. Rxe4 c5 35. Kf1 cxd4 36. Ke2 Kg7 37. Kd3 Kf6 38. Rxd4 Rc7 39. Rd6+
Kf7 40. f4 h5 41. h4 Kg7 42. g3 Re7 43. Kd4 b6 44. b3 Rc7 45. Ke5 Re7+ 46. Re6
Rc7 47. Kd4 Rd7+ 48. Ke4 Rf7 49. Kf3 Kh6 50. g4 hxg4+ 51. Kxg4 Rf5 52. Re5 Rf7
53. h5 gxh5+ 54. Rxh5+ Kg7 55. Rg5+ Kh6 56. f5 Rd7 57. Rg6+ Kh7 58. Kg5 Rd2 59.
a4 Rb2 60. Rc6 Rxb3 61. Rc7+ Kg8 62. Rxa7 Rc3 63. Kg6 Kf8 64. Ra8+ Ke7 65. f6+
Ke6 66. Re8+ Kd7 67. f7 Rg3+ 68. Kh5 Rh3+ 69. Kg4 1-0

[Event "FB1 2122 SG 1871 Löberitz - SK Lehrte"]
[Site "?"]
[Date "2022.03.19"]
[Round "5.1"]
[White "Sieber, Fiona"]
[Black "Reizniece-Ozola, Dana"]
[Result "1-0"]
[WhiteElo "2270"]
[BlackElo "2283"]
[PlyCount "123"]
[EventDate "2022.??.??"]

1. e4 d6 2. d4 g6 3. Nc3 Bg7 4. Be3 a6 5. h4 Nf6 6. f3 b5 7. Qd2 c6 8. g4 h5 9.
g5 Nfd7 10. O-O-O Nb6 11. Bd3 e5 12. dxe5 dxe5 13. Bxb5 Qxd2+ 14. Rxd2 axb5 15.
Bxb6 Nd7 16. Bf2 b4 17. Nd1 Rxa2 18. Kb1 Ra8 19. Ne3 Ba6 20. Ne2 Nf8 21. Nc1
Ne6 22. Nd3 Nd4 23. Rh3 b3 24. Nc5 bxc2+ 25. Nxc2 Bf1 26. Rh1 Nxf3 27. Rd7 Be2
28. Nb4 Bf8 29. Rc7 Nd2+ 30. Kc2 Bxc5 31. Bxc5 Nxe4 32. Re7+ Kf8 33. Rxe5+ Nxc5
34. Rxc5 Kg7 35. Re1 Bb5 36. Re7 Rac8 37. Rc3 c5 38. Nd5 Bc6 39. Nf6 Bb5 40.
Re5 Rhd8 41. Rexc5 Bd3+ 42. Kc1 Rxc5 43. Rxc5 Kf8 44. Kd2 Bf5+ 45. Kc3 Rd3+ 46.
Kc4 Rh3 47. Ra5 Ke7 48. Kc5 Rxh4 49. Ra8 Bd7 50. Ra7 Ke6 51. Rxd7 Rf4 52. Rd6+
Ke5 53. Rd5+ Ke6 54. b4 h4 55. b5 h3 56. b6 Rf5 57. b7 h2 58. b8=Q Rxd5+ 59.
Nxd5 h1=Q 60. Qd6+ Kf5 61. Qf4+ Ke6 62. Qf6+ 1-0

[Event "FB1 2122 SG 1871 Löberitz - SK Lehrte"]
[Site "?"]
[Date "2022.03.19"]
[Round "5.3"]
[White "Duessler, Stefanie"]
[Black "Berzina, Ilze"]
[Result "1/2-1/2"]
[WhiteElo "2119"]
[BlackElo "2192"]
[PlyCount "97"]
[EventDate "2022.??.??"]

1. e4 e5 2. Nf3 Nc6 3. Bb5 g6 4. O-O Bg7 5. c3 a6 6. Ba4 d6 7. h3 Bd7 8. d4
Nge7 9. dxe5 dxe5 10. Be3 O-O 11. Qe2 Qe8 12. Na3 Rd8 13. b4 Nb8 14. Bxd7 Nxd7
15. Rad1 Nc8 16. Nc4 b5 17. Na5 Nd6 18. Nd2 Nb6 19. f3 Na4 20. Rc1 f5 21. Nab3
fxe4 22. fxe4 Rxf1+ 23. Kxf1 Qc6 24. Bg5 Rf8+ 25. Kg1 Qb6+ 26. Be3 Qc6 27. Nc5
Nxc5 28. Bxc5 Bh6 29. Be3 Bf4 30. Qd3 Bxe3+ 31. Qxe3 Nc4 32. Nxc4 Qxc4 33. a3
Rf4 34. Re1 Kg7 35. Kh2 Rf1 36. Re2 Qf7 37. Rd2 h5 38. Qg5 Qf4+ 39. Qxf4 Rxf4
40. Rd7+ Kh6 41. Rxc7 Rxe4 42. Kg3 Re2 43. Rc6 a5 44. Rc5 Ra2 45. bxa5 Rxa3 46.
Rxb5 Rxc3+ 47. Kf2 e4 48. Re5 Ra3 49. Rxe4 1/2-1/2

[Event "FB1 2122 SG 1871 Löberitz - SK Lehrte"]
[Site "?"]
[Date "2022.03.19"]
[Round "5.4"]
[White "Otikova, Elina"]
[Black "Manusina, Nicole"]
[Result "1-0"]
[WhiteElo "2105"]
[BlackElo "2017"]
[PlyCount "63"]
[EventDate "2022.??.??"]

1. e4 c5 2. Nf3 d6 3. d4 cxd4 4. Nxd4 Nf6 5. Nc3 a6 6. Be2 e6 7. f4 Be7 8. Bf3
O-O 9. O-O Re8 10. Kh1 Qc7 11. Qe1 Nc6 12. Nxc6 bxc6 13. e5 Nd5 14. exd6 Qxd6
15. Ne4 Qc7 16. Bd2 f5 17. Ng3 Rb8 18. Bxd5 exd5 19. Bc3 Bd7 20. Nh5 Bb4 21.
Qg3 Bxc3 22. bxc3 Re7 23. Nf6+ Kf7 24. Nxh7 Rh8 25. Ng5+ Kf8 26. Rae1 Qd6 27.
Rxe7 Qxe7 28. Re1 Qf6 29. Qe3 Rh6 30. Qb6 g6 31. Qb8+ Kg7 32. Qc7 1-0

[Event "FB1 2122 SG 1871 Löberitz - SK Lehrte"]
[Site "?"]
[Date "2022.03.19"]
[Round "5.5"]
[White "Grabowski, Petra"]
[Black "Naumann, Nadine"]
[Result "0-1"]
[WhiteElo "1622"]
[BlackElo "1960"]
[PlyCount "90"]
[EventDate "2022.??.??"]

1. d4 d5 2. c4 e6 3. Nc3 c6 4. e3 Nf6 5. Qc2 Bd6 6. Nf3 Nbd7 7. cxd5 exd5 8.
Bd3 Nb6 9. h3 Bd7 10. Ne5 Nc8 11. e4 dxe4 12. Nxe4 Bxe5 13. dxe5 Nxe4 14. Bxe4
Qa5+ 15. Qc3 Qxc3+ 16. bxc3 Nb6 17. f4 Na4 18. Bd2 Be6 19. Bc2 Nb6 20. Bb3
O-O-O 21. Bxe6+ fxe6 22. Ke2 Rd7 23. Be3 Nd5 24. Bd2 Rhd8 25. Rhd1 b5 26. c4
bxc4 27. Rac1 c3 28. Be1 Nxf4+ 29. Kf2 Rxd1 30. Rxd1 Rxd1 31. Bxc3 Nd5 32. Ba5
Ra1 33. Kf3 Rxa2 34. Be1 a5 35. g4 a4 36. g5 g6 37. h4 a3 38. Ba5 Rc2 39. h5 a2
40. hxg6 hxg6 41. Ke4 a1=Q 42. Bc3 Nxc3+ 43. Kd3 Qd1+ 44. Kc4 Ne4+ 45. Kb4 Qb1+
0-1

[Event "FB1 2122 SV Weißblau Allianz Leipzig -"]
[Site "?"]
[Date "2022.03.19"]
[Round "5.1"]
[White "Cosma, Elena-Luminita"]
[Black "Cyfka, Karina"]
[Result "1/2-1/2"]
[WhiteElo "2281"]
[BlackElo "2401"]
[PlyCount "109"]
[EventDate "2022.??.??"]

1. d4 Nf6 2. Nf3 e6 3. c4 Bb4+ 4. Bd2 Qe7 5. g3 Bxd2+ 6. Qxd2 Nc6 7. Nc3 d5 8.
Bg2 dxc4 9. O-O O-O 10. Rfd1 Rd8 11. Qg5 Nd5 12. Qc1 Rb8 13. e4 Nb6 14. Qf4 a6
15. Rac1 h6 16. h4 f6 17. Kh2 Rf8 18. Qe3 Bd7 19. Bf1 Rfe8 20. Re1 Rbd8 21. d5
Ne5 22. Nxe5 fxe5 23. Rcd1 Bb5 24. Bh3 exd5 25. exd5 Qf8 26. Be6+ Kh8 27. Kg1
Na4 28. Nxb5 axb5 29. Qxe5 Qd6 30. Qxd6 Rxd6 31. Bf7 Rf8 32. Be6 Nxb2 33. Rd2
c3 34. Rc2 b4 35. Re4 c6 36. Rxb4 cxd5 37. Rxc3 Nd1 38. Rc8 Rxc8 39. Bxc8 b6
40. Rf4 Rd8 41. Ba6 Nc3 42. Rb4 d4 43. Rb2 Na4 44. Rd2 Nc5 45. Bc4 d3 46. f3 g5
47. hxg5 hxg5 48. Kf2 g4 49. Ke3 gxf3 50. Kxf3 Rd4 51. Bb5 Kg7 52. Ke3 Re4+ 53.
Kf3 Rd4 54. Ke3 Re4+ 55. Kf3 1/2-1/2

[Event "FB1 2122 SV Weißblau Allianz Leipzig -"]
[Site "?"]
[Date "2022.03.19"]
[Round "5.3"]
[White "Ciolacu, Alessia-Mihaela"]
[Black "Hincu, Olga"]
[Result "1-0"]
[WhiteElo "2239"]
[BlackElo "2070"]
[PlyCount "249"]
[EventDate "2022.??.??"]

1. d4 d5 2. c4 e6 3. Nc3 Nf6 4. cxd5 exd5 5. Bg5 Be7 6. e3 c6 7. Bd3 Nbd7 8. h3
Ne4 9. Bf4 Ndf6 10. Qc2 Qa5 11. Nge2 Be6 12. O-O Nxc3 13. Nxc3 O-O 14. a3 c5
15. dxc5 Qxc5 16. Nb5 Qxc2 17. Bxc2 Rac8 18. Bd3 a6 19. Nd6 Bxd6 20. Bxd6 Rfe8
21. Rad1 Ne4 22. Bb4 Rc6 23. Bb1 b6 24. Rd4 Nc5 25. Bc3 b5 26. Bc2 Rec8 27.
Rfd1 f5 28. f3 Re8 29. Re1 Nd7 30. e4 dxe4 31. fxe4 f4 32. e5 Rc4 33. Rd6 Nc5
34. Bb1 Kf7 35. Bb4 a5 36. Bxa5 Nb7 37. Ra6 Nxa5 38. Rxa5 Rc5 39. Bxh7 Bc4 40.
Ra7+ Kf8 41. b3 Bxb3 42. Rf1 g5 43. g3 Re7 44. Rxe7 Kxe7 45. gxf4 gxf4 46. Rxf4
Rxe5 47. Kf2 Rh5 48. Bf5 Be6 49. Bxe6 Kxe6 50. Kg3 Rg5+ 51. Rg4 Rc5 52. Re4+
Kf5 53. Re3 Kg5 54. Rf3 Rd5 55. Kf2 Kh4 56. Ke2 Rd4 57. Rb3 Rd5 58. Rd3 Rc5 59.
Kd2 Kg5 60. Rc3 Rd5+ 61. Kc2 Kf4 62. Kb3 Ke5 63. Kb4 Kd6 64. Ka5 Kd7 65. Rg3
Rh5 66. Kb6 Kc8 67. Kc6 Kd8 68. Kd6 Rh6+ 69. Ke5 Ke7 70. Kf5 Kf7 71. Rb3 Rh5+
72. Kg4 Rc5 73. Rf3+ Kg6 74. Kg3 Rg5+ 75. Kf4 Kf6 76. Re3 Rh5 77. Kg4 Rg5+ 78.
Kf3 Rf5+ 79. Ke2 Rd5 80. Rf3+ Ke6 81. Kf2 Rd4 82. Rb3 Rd5 83. Ke3 Rh5 84. Kf4
Kf6 85. Ke4 Ke6 86. Kd4 Kd6 87. Rg3 Rh4+ 88. Kc3 Kc6 89. Kd3 Kd6 90. Re3 Kd5
91. Ke2 Rf4 92. Rb3 Kc6 93. Rf3 Rh4 94. Kf2 Kd6 95. Kg3 Ra4 96. h4 b4 97. axb4
Rxb4 98. Re3 Rb1 99. Kf4 Rf1+ 100. Kg5 Rg1+ 101. Kf6 Rf1+ 102. Kg6 Rg1+ 103.
Kh6 Rh1 104. h5 Rg1 105. Kh7 Rh1 106. h6 Rh2 107. Rg3 Re2 108. Kg6 Re6+ 109.
Kh5 Re7 110. Rg7 Re5+ 111. Kg4 Re4+ 112. Kf5 Re5+ 113. Kg6 Re6+ 114. Kh7 Re8
115. Rg8 Re1 116. Kg6 Rg1+ 117. Kf7 Rf1+ 118. Ke8 Rh1 119. Rg6+ Ke5 120. Kf7
Rf1+ 121. Kg7 Ra1 122. h7 Ra7+ 123. Kh6 Ra8 124. Rg8 Ra6+ 125. Kg5 1-0

[Event "FB1 2122 SV Weißblau Allianz Leipzig -"]
[Site "?"]
[Date "2022.03.19"]
[Round "5.4"]
[White "Schulz, Petra"]
[Black "Ionica, Iulia-Ionela"]
[Result "1-0"]
[WhiteElo "1991"]
[BlackElo "2194"]
[PlyCount "55"]
[EventDate "2022.??.??"]

1. e4 d6 2. d4 Nf6 3. Nc3 c6 4. a4 Qa5 5. Bd3 e5 6. Nge2 Be7 7. O-O Nbd7 8. Bd2
Qc7 9. Kh1 O-O 10. f4 Re8 11. Qe1 Bf8 12. dxe5 dxe5 13. f5 Nc5 14. Qh4 Nxd3 15.
cxd3 Qd8 16. Rf3 h6 17. Raf1 a6 18. g4 Nh7 19. f6 g5 20. Qg3 Qd7 21. h3 b5 22.
Qh2 Kh8 23. h4 gxh4 24. Rh3 Qxg4 25. Rxh4 Qg6 26. Bxh6 Bc5 27. Bg7+ Kg8 28. Rh6
1-0

[Event "FB1 2122 SV Weißblau Allianz Leipzig -"]
[Site "?"]
[Date "2022.03.19"]
[Round "5.5"]
[White "Moeller, Lisa-Marie"]
[Black "Daemering, Katrin"]
[Result "1-0"]
[WhiteElo "1903"]
[BlackElo "1978"]
[PlyCount "149"]
[EventDate "2022.??.??"]

1. e4 c5 2. Nf3 d6 3. Bb5+ Nd7 4. d4 cxd4 5. Qxd4 a6 6. Bxd7+ Bxd7 7. Nc3 e5 8.
Qd3 b5 9. Nd5 h6 10. Be3 Rb8 11. O-O Nf6 12. Nxf6+ Qxf6 13. Rfe1 Be7 14. Bd2
O-O 15. Bb4 Rb6 16. Nd2 Rc8 17. Nf1 Bf8 18. Ne3 Rbc6 19. Nd5 Qd8 20. Rac1 a5
21. Bd2 b4 22. c3 bxc3 23. Rxc3 Rxc3 24. Bxc3 a4 25. Rd1 Bg4 26. Rd2 Kh7 27. h3
Be6 28. Bb4 Qh4 29. Nc3 Bc4 30. Qf3 g6 31. Rd1 Rd8 32. Nd5 Bxd5 33. Rxd5 Qe7
34. Qd3 Qd7 35. Qd1 f5 36. exf5 gxf5 37. Ra5 Be7 38. Qxa4 Qe6 39. Qb5 Rg8 40.
Qd5 Qg6 41. Qf3 f4 42. Ra7 Rg7 43. Bc3 h5 44. Ra4 Kh6 45. Qe4 Qf7 46. Ra8 Bf8
47. Ra6 Rg6 48. a4 f3 49. Bd2+ Kh7 50. g3 Qb3 51. Ra7+ Bg7 52. Be3 Qxb2 53.
Qxf3 Qb1+ 54. Kh2 h4 55. Qh5+ Kg8 56. Qxh4 Qf5 57. Ra8+ Bf8 58. Qc4+ Kh7 59.
Qc8 Qxc8 60. Rxc8 Kg7 61. Rc6 d5 62. Rxg6+ Kxg6 63. a5 d4 64. Bd2 Kf5 65. Kg2
Ke4 66. Kf1 Kf3 67. h4 Kg4 68. Ke2 e4 69. Bf4 Bb4 70. a6 Bc5 71. Bb8 d3+ 72.
Kd1 Bxf2 73. Kd2 e3+ 74. Kxd3 Kf3 75. a7 1-0

[Event "FB1 2122 SK Schwäbisch Hall - Rodewisc"]
[Site "?"]
[Date "2022.03.19"]
[Round "5.1"]
[White "Sliwicka, Alicja"]
[Black "Batsiashvili, Nino"]
[Result "1/2-1/2"]
[WhiteElo "2274"]
[BlackElo "2472"]
[PlyCount "105"]
[EventDate "2022.??.??"]

1. e4 e5 2. Nf3 Nc6 3. Bb5 a6 4. Ba4 Nf6 5. O-O b5 6. Bb3 Be7 7. d4 d6 8. c3
Bg4 9. Be3 O-O 10. Nbd2 d5 11. exd5 exd4 12. Bxd4 Nxd4 13. cxd4 a5 14. Qe2 a4
15. Bc2 Rb8 16. a3 Re8 17. Qd3 Qxd5 18. b3 c5 19. Ne5 Qxd4 20. Qxd4 cxd4 21.
bxa4 Bd6 22. Nxg4 Nxg4 23. Nf3 d3 24. Bxd3 bxa4 25. h3 Ne5 26. Nxe5 Rxe5 27.
Rfb1 Rd8 28. Bb5 Bc5 29. Rd1 Rxd1+ 30. Rxd1 g6 31. Bxa4 Re2 32. Rf1 Bxa3 33. g4
Bc5 34. Kg2 Kg7 35. Kg3 Ra2 36. Bc6 Bd6+ 37. Kf3 Bc5 38. Kg3 g5 39. Bb5 Rb2 40.
Bc4 h5 41. Kf3 Rc2 42. Bd3 Rd2 43. Bf5 Kf6 44. Bc8 Rd8 45. Ba6 Rd4 46. Bc8 Rd3+
47. Kg2 hxg4 48. hxg4 Rd2 49. Kf3 Rb2 50. Ba6 Kg7 51. Bc8 Ra2 52. Bf5 Rb2 53.
Ke4 1/2-1/2

[Event "FB1 2122 SK Schwäbisch Hall - Rodewisc"]
[Site "?"]
[Date "2022.03.19"]
[Round "5.2"]
[White "Javakhishvili, Lela"]
[Black "Lubbe, Melanie"]
[Result "1-0"]
[WhiteElo "2479"]
[BlackElo "2301"]
[PlyCount "75"]
[EventDate "2022.??.??"]

1. d4 Nf6 2. c4 g6 3. g3 Bg7 4. Bg2 d6 5. Nc3 O-O 6. Nf3 c6 7. e4 Bg4 8. O-O
Qb6 9. Rb1 c5 10. d5 Nfd7 11. Qc2 Na6 12. a3 Bxf3 13. Bxf3 Nc7 14. b4 cxb4 15.
axb4 Na6 16. Be3 Qd8 17. Be2 Qc8 18. Nb5 Nc7 19. Nxa7 Qb8 20. c5 Ne5 21. cxd6
exd6 22. b5 Ne8 23. b6 Nf6 24. f3 Qe8 25. Kg2 Ned7 26. Bf2 Qe7 27. Qc7 Rab8 28.
Bb5 Rfd8 29. Rfe1 Qe5 30. f4 Qe7 31. Rbd1 Ne8 32. Qc4 Nef6 33. Qb4 Ng4 34. Bg1
h5 35. e5 Nf8 36. Rc1 Nh6 37. Rc7 Nd7 38. e6 1-0

[Event "FB1 2122 SK Schwäbisch Hall - Rodewisc"]
[Site "?"]
[Date "2022.03.19"]
[Round "5.3"]
[White "Movsesian, Julia"]
[Black "Arabidze, Meri"]
[Result "1/2-1/2"]
[WhiteElo "2309"]
[BlackElo "2432"]
[PlyCount "148"]
[EventDate "2022.??.??"]

1. e4 c5 2. Nf3 e6 3. g3 Nc6 4. Bg2 Nf6 5. Qe2 Be7 6. e5 Nd5 7. c4 Ndb4 8. d3
d5 9. a3 Na6 10. O-O Nc7 11. Rd1 b5 12. Qc2 Bb7 13. Nc3 a6 14. h4 h6 15. cxd5
exd5 16. d4 c4 17. Ne2 Ne6 18. Nh2 Na5 19. Ng4 Nb3 20. Rb1 Qb6 21. Be3 h5 22.
Nh2 g6 23. Nf3 a5 24. Nc1 a4 25. Na2 Rd8 26. Nc3 Bc8 27. Bh3 Qc6 28. Kh2 Ng7
29. Bxc8 Rxc8 30. Ne2 Ne6 31. Nf4 c3 32. Nxe6 Qxe6 33. bxc3 Bxa3 34. Qe2 Rc4
35. Ng5 Qf5 36. Bf4 Be7 37. Rd3 O-O 38. Re1 b4 39. cxb4 Nxd4 40. Qd1 Nc2 41.
Re2 Nxb4 42. Rf3 Bxg5 43. hxg5 Qg4 44. Rd2 Rfc8 45. e6 Qxe6 46. Re3 Re4 47.
Qxa4 Nd3 48. Rxe4 dxe4 49. Re2 Nxf4 50. gxf4 Rc3 51. Re3 Rxe3 52. fxe3 Qd5 53.
Qb4 Kh7 54. Qf8 Qd2+ 55. Kh1 Qd1+ 56. Kh2 Qe2+ 57. Kh1 Qa2 58. Kg1 Qb3 59. Kf2
Qe6 60. Kg3 Qf5 61. Kh2 Qd7 62. Kg3 Qg4+ 63. Kh2 Qe2+ 64. Kh1 Qa2 65. Kg1 Qa1+
66. Kf2 Qa7 67. Qe8 Qb7 68. Qf8 h4 69. Qh6+ Kg8 70. Qxh4 Qb2+ 71. Kf1 Qb5+ 72.
Kg2 Qe2+ 73. Qf2 Qd1 74. Kg3 Qd5 1/2-1/2

[Event "FB1 2122 SK Schwäbisch Hall - Rodewisc"]
[Site "?"]
[Date "2022.03.19"]
[Round "5.4"]
[White "Atalik, Ekaterina"]
[Black "Miturova, Magdalena"]
[Result "1-0"]
[WhiteElo "2415"]
[BlackElo "2205"]
[PlyCount "109"]
[EventDate "2022.??.??"]

1. d4 Nf6 2. c4 e6 3. Nf3 Bb4+ 4. Bd2 a5 5. e3 b6 6. Be2 Bb7 7. O-O Ne4 8. Qc2
O-O 9. a3 Bd6 10. Nc3 f5 11. d5 Nxd2 12. Qxd2 Na6 13. Rad1 Qf6 14. Nd4 Qh6 15.
g3 Rf6 16. f4 Re8 17. e4 Bc5 18. e5 Rff8 19. Na4 d6 20. exd6 cxd6 21. dxe6
Bxd4+ 22. Qxd4 Rxe6 23. Bf3 Bxf3 24. Rxf3 Nc5 25. Nxc5 dxc5 26. Qd5 Kh8 27.
Qxf5 Rfe8 28. Rf2 Re1+ 29. Rxe1 Rxe1+ 30. Rf1 Re8 31. Rd1 Qc6 32. Rd5 h6 33.
Kf2 Qa4 34. Qd3 Qc6 35. Rd8 Rxd8 36. Qxd8+ Kh7 37. Qd3+ Kh8 38. Qd5 Qf6 39. Qe5
Qc6 40. Ke3 Qc8 41. f5 Qd8 42. Ke2 Kh7 43. h4 Kh8 44. b3 Kh7 45. a4 Kh8 46. Qe3
Qf6 47. Qd3 Kg8 48. Kf3 Qe7 49. Qe4 Qc7 50. Qe6+ Kh8 51. f6 gxf6 52. Qxf6+ Kh7
53. h5 Qb7+ 54. Kf4 Qc7+ 55. Kg4 1-0

[Event "FB1 2122 SK Schwäbisch Hall - Rodewisc"]
[Site "?"]
[Date "2022.03.19"]
[Round "5.5"]
[White "Kanakova, Natalie"]
[Black "Daulyte-Cornette, Deimante"]
[Result "1-0"]
[WhiteElo "2134"]
[BlackElo "2385"]
[PlyCount "67"]
[EventDate "2022.??.??"]

1. Nf3 d5 2. c4 e6 3. b3 Nf6 4. g3 d4 5. d3 Bb4+ 6. Nbd2 c5 7. a3 Bc3 8. Ra2
Nc6 9. Bg2 O-O 10. O-O h6 11. Nb1 Ba5 12. e4 dxe3 13. fxe3 e5 14. Bb2 Qd6 15.
Nc3 Rd8 16. Nd5 Bg4 17. h3 Be6 18. e4 Bxd5 19. cxd5 Nd4 20. Bc1 Bc3 21. Kh2 Ne8
22. Raf2 Rd7 23. h4 Re7 24. Bh3 Nxf3+ 25. Rxf3 Nc7 26. Rf5 a5 27. a4 Ra6 28.
Qf3 f6 29. Rh5 Rb6 30. Bf5 Rxb3 31. Qg4 Bb2 32. Bxh6 Rxd3 33. Qg6 Ne8 34. Bxg7
1-0

[Event "FB1 2122 SK Schwäbisch Hall - Rodewisc"]
[Site "?"]
[Date "2022.03.19"]
[Round "5.6"]
[White "Bulmaga, Irina"]
[Black "Kubikova, Hana"]
[Result "1-0"]
[WhiteElo "2390"]
[BlackElo "2067"]
[PlyCount "95"]
[EventDate "2022.??.??"]

1. e4 c5 2. Nf3 Nf6 3. e5 Nd5 4. Nc3 e6 5. Ne4 f5 6. Nc3 Nc6 7. Bb5 Be7 8. Nxd5
exd5 9. O-O O-O 10. c3 d6 11. d4 dxe5 12. Bxc6 bxc6 13. Nxe5 Qb6 14. Re1 Bf6
15. dxc5 Qxc5 16. Nd3 Qc4 17. b3 Qa6 18. Qc2 Bd7 19. Nc5 Qc8 20. Bf4 Re8 21.
Qd2 Be7 22. Nd3 Be6 23. Re2 Bf6 24. Rae1 Bf7 25. Rxe8+ Bxe8 26. Be5 Qd8 27. Qf4
Bd7 28. Qd4 Bxe5 29. Rxe5 Qf6 30. Rxd5 Qxd4 31. Rxd4 Be6 32. Rd6 Bd5 33. f3 Kf8
34. Nc5 Rc8 35. c4 Bf7 36. Rd7 a5 37. Kf2 h6 38. f4 Ra8 39. Rc7 a4 40. Nd7+ Ke8
41. Ne5 axb3 42. axb3 Bh5 43. Rxc6 Ra2+ 44. Kg3 Ra3 45. Kh4 Bd1 46. b4 Ra2 47.
Rg6 Kf8 48. b5 1-0

[Event "FB1 2122 SF Deizisau - Hamburger SK"]
[Site "Hamburg"]
[Date "2022.03.20"]
[Round "6.1"]
[White "Socko, Monika"]
[Black "Klek, Hanna Marie"]
[Result "0-1"]
[WhiteElo "2393"]
[BlackElo "2314"]
[PlyCount "116"]
[EventDate "2021.11.27"]
[EventType "team-tourn"]
[EventRounds "11"]
[EventCountry "GER"]

1. d4 Nf6 2. Nf3 d5 3. e3 e6 4. Bd3 c5 5. b3 Bd6 6. O-O O-O 7. Bb2 b6 8. Nbd2
Bb7 9. Ne5 Nbd7 10. f4 Ne4 11. Nxe4 dxe4 12. Bb5 Nxe5 13. dxe5 Bc7 14. Qe2 Qe7
15. Ba6 Bc6 16. Bc4 Rad8 17. a4 Bb8 18. Bc3 Qb7 19. f5 exf5 20. Rxf5 Bd5 21.
Raf1 Be6 22. R5f4 Rde8 23. Qh5 g6 24. Qg5 Bxc4 25. bxc4 Qe7 26. Qxe7 Rxe7 27.
Rd1 Rfe8 28. Rxe4 Bxe5 29. Rxe5 Rxe5 30. Bxe5 Rxe5 31. Rd3 Re4 32. Rc3 Kf8 33.
Kf2 Ke7 34. Ke2 Kd6 35. Kd3 Rg4 36. g3 h5 37. Ke2 h4 38. Kf3 f5 39. a5 bxa5 40.
Ra3 Rxc4 41. Rxa5 g5 42. gxh4 Rxh4 43. Rxa7 Rh3+ 44. Ke2 Rxh2+ 45. Kd3 g4 46.
Rg7 Ke6 47. c4 Kf6 48. Rg8 Ra2 49. Kc3 Ra7 50. Kd3 Rg7 51. Rf8+ Kg5 52. Ke2 Re7
53. Rc8 f4 54. Rxc5+ Kh4 55. Kf2 Rxe3 56. Rc8 g3+ 57. Kf1 Kg4 58. c5 Kf3 0-1

[Event "FB1 2122 SF Deizisau - Hamburger SK"]
[Site "Hamburg"]
[Date "2022.03.20"]
[Round "6.2"]
[White "Schleining, Zoya"]
[Black "Roebers, Eline"]
[Result "1/2-1/2"]
[WhiteElo "2320"]
[BlackElo "2331"]
[PlyCount "74"]
[EventDate "2021.11.27"]
[EventType "team-tourn"]
[EventRounds "11"]
[EventCountry "GER"]

1. d4 d5 2. c4 c6 3. cxd5 cxd5 4. Bf4 Nc6 5. Nc3 Nf6 6. e3 a6 7. Rc1 Bg4 8. Be2
Bxe2 9. Ngxe2 e6 10. O-O Bd6 11. Na4 O-O 12. Nc5 Bxc5 13. dxc5 h6 14. Nd4 Re8
15. Nxc6 bxc6 16. Be5 Ne4 17. Qa4 f6 18. Bg3 Qc8 19. Rfd1 e5 20. Rd3 Rb8 21. b4
Re7 22. Ra3 Ra7 23. f3 Nxg3 24. hxg3 Rb5 25. g4 Qb7 26. Rb3 Qa8 27. Rcb1 Kf7
28. Ra3 a5 29. Rbb3 Kg8 30. e4 dxe4 31. bxa5 Rxc5 32. Qxe4 Raxa5 33. Rxa5 Qxa5
34. Rb8+ Kf7 35. Rb7+ Kg8 36. Rb8+ Kf7 37. Rb7+ Kg8 1/2-1/2